000 00519nam a22001697a 4500
008 220608b |||||||| |||| 00| 0 eng d
020 _a1571051585
050 _aK5455
_b.K56 2008
100 _aKnoops, Greert-Jan Alexander
245 _aDefenses in Contemporary International Criminal Law
_cGreert-Jan Alexander Knoops
250 _a2nd ed.
260 _aUSA
_bNijhoff Publishers
_c2008
300 _axxxvii, 334p.
650 _aDefenses
_vcriminal procedure
650 _aInternational offenses
942 _2lcc
_cBK
999 _c19338
_d19337